000 00229nam a2200097Ia 4500
001 709332
005 20250826162544.0
008 250824s9999 xx 000 0 und d
245 0 _aMAGO
_cAYLA ÇINAROĞLU
260 _bTUDEM YAYINLARI
999 _c709332
_d709332